Quelle ville commençant par E? - Statistiques

Statistiques générales
  • Ce quiz a été pris 549 fois
  • Le résultat moyen est 5 sur 10
Statistiques - réponses
Hint Réponse % Correct
Capitale de l'Écosse Édimbourg
98%
Capitale de l'Arménie Erevan
85%
Ses accords mettent fin à la Guerre d'Algérie Évian-les-Bains
73%
Son nom veut dire "manger" en allemand Essen
57%
Grande ville texane à la frontière mexicaine El Paso
45%
Plus grande ville du Brabant-Septentrional, aux Pays-Bas Eindhoven
38%
Deuxième plus grande ville de l'Alberta, après Calgary Edmonton
36%
Capitale du comté de Devon Exeter
13%
Capitale de la région du Kurdistan irakien Erbil
11%
On y trouve la plus grande étendue de palmiers d'Europe Elche
7%
Aucun quiz correspondant
Distribution des résultats
% des personnes avec chaque résultat
Percentile par nombre de réponses
Votre historique - résultats
Vous n’avez pas pris ce quiz